书目信息 |
| 题名: |
多少算够
|
|
| 作者: | 杜宁 , Durning 著 ;毕聿 译 | |
| 分册: | ||
| 出版信息: | 长春 吉林人民出版社 2005 |
|
| 页数: | 199页 | |
| 开本: | 20cm | |
| 丛书名: | 绿色经典文库 | |
| 单 册: | ||
| 中图分类: | F014.5 | |
| 科图分类: | ||
| 主题词: | 消费--需求--研究 | |
| 电子资源: | ||
| ISBN: | 7-206-02809-8 | |
| 000 | 01248nam2 2200325 45 | |
| 001 | 012005603014 | |
| 005 | 20061214092127.06 | |
| 010 | @a7-206-02809-8@dCNY21.60 | |
| 092 | @aCN@b470889 | |
| 100 | @a20051016d2005 em y0chiy0120 ea | |
| 101 | 1 | @achi@ceng |
| 102 | @aCN@b220000 | |
| 105 | @af z 000yy | |
| 200 | 1 | @a多少算够@9duo shao suan gou@e消费社会与地球的未来@f(美)艾伦·杜宁(Alan Durning)著@g毕聿译 |
| 205 | @a2版 | |
| 210 | @a长春@c吉林人民出版社@d2005 | |
| 215 | @a199页@c彩照@d20cm | |
| 225 | 2 | @a绿色经典文库@dGreen classics library@zeng@h第一批 |
| 300 | @a据W.W.Norton & company,inc.,new york,London,1992年版译出 由Worldwatch institute授权翻译出版 | |
| 330 | @a本书介绍了消费主义的生活方式闪电般地遍布全球,仅仅一带人的时间,人类中的绝大多数已经成了汽车驾驶员,电视观众和受广告支配的消费者。 | |
| 461 | 0 | @120010@a绿色经典文库 |
| 510 | 1 | @aHow much in enough?@eThe consumer society and the future of the earth@zeng |
| 517 | 1 | @a消费社会与地球的未来@9xiao fei she hui yu di qiu de wei lai |
| 606 | 0 | @a消费@x需求@x研究 |
| 690 | @aF014.5@v4 | |
| 701 | 1 | @a杜宁@9du ning@bA.@4著 |
| 701 | 1 | @aDurning@bAlan@4著 |
| 702 | 0 | @a毕聿@9bi yu@4译 |
| 801 | 0 | @aCN@bLZJBOOK@c20061214 |
| 905 | @a10447@dF014.5@e258=2 | |
| 多少算够:消费社会与地球的未来/(美)艾伦·杜宁(Alan Durning)著/毕聿译.-2版.-长春:吉林人民出版社,2005 |
| 199页:彩照;20cm.-(绿色经典文库=Green classics library.第一批) |
| 据W.W.Norton & company,inc.,new york,London,1992年版译出 由Worldwatch institute授权翻译出版 |
| ISBN 7-206-02809-8:CNY21.60 |
| 本书介绍了消费主义的生活方式闪电般地遍布全球,仅仅一带人的时间,人类中的绝大多数已经成了汽车驾驶员,电视观众和受广告支配的消费者。 |
| ● |
| 相关链接 |
|
|
|
|
正题名:多少算够
索取号:F014.5/258=2
 
预约/预借
| 序号 | 登录号 | 条形码 | 馆藏地/架位号 | 状态 | 备注 |
| 1 | 0550245 | 205502455 | 第一样本阅览室/ [索取号:F014.5/258=2] | 在馆 | |
| 2 | 0550246 | 205502464 | 第一借阅区/ [索取号:F014.5/258=2] | 在馆 | |
| 3 | 0550247 | 205502473 | 第一借阅区/ [索取号:F014.5/258=2] | 在馆 | |
| 4 | 0550248 | 205502482 | 第一借阅区/ [索取号:F014.5/258=2] | 在馆 | |
| 5 | 0550249 | 205502491 | 第一借阅区/ [索取号:F014.5/258=2] | 在馆 | |
| 6 | 0550250 | 205502507 | 第一借阅区/ [索取号:F014.5/258=2] | 在馆 | |
| 7 | 0550251 | 205502516 | 第一借阅区/ [索取号:F014.5/258=2] | 在馆 | |
| 8 | 0550252 | 205502525 | 第一借阅区/ [索取号:F014.5/258=2] | 在馆 |